00932cam a22002655a 45000010009000000050017000090080041000260200018000670400033000850820017001181000032001352450069001672600031002363000034002674900031003015040041003326500033003736500028004066500026004346510010004606530033004709420008005039990017005119520138005281880141820201128024004.0150922t2016 gw a frb 000 0 eng d a9783319243801 aDLCbengcDLCdDLCdEG-ScBUE04222a332bBRA1 aBraga, Maria Debora.93216910aRisk-based approaches to asset allocation /cMaria Debora Braga. aCham :bSpringer,cc.2016. aviii, 99 p. :bill. ;c24 cm.0 aSpringer briefs in finance aIncludes bibliographical references. 72BUEsh91321aMacroeconomics. 72BUEsh9553aManagement. 72BUEsh91509aFinance. 2BUEsh bCOMSCIbBUSADMcNovember2016 2ddc c23149d23121 00102ddc40708BaccahaMAINbMAINc1STd2016-11-15ePurchaseg575.00h25137l0o332 BRAp000034786r2025-07-15 00:00:00v718.75yBB